000 00412nam a2200145Ia 4500
005 20251222143114.0
008 251222s9999||||xx |||||||||||||| ||spa||
020 _a9972426270
082 _a371.39/B24
100 _aBarbara J., Duch
245 0 _aEl Poder del Aprendizaje Basado en Problemas:
250 _a1ra.ed.
264 _bFondo Editorial de la Pontificia Universidad Católica del Perú
942 _cLIB
999 _c11264
_d11264